[Event "European Rapid Championship 2021"]
[Site "Katowice"]
[Date "2021.12.18"]
[Round "3.26"]
[White "Dzhuguryan, Tygran"]
[Black "Reimanis, Ritvars"]
[Result "1/2-1/2"]
[WhiteElo "2047"]
[BlackElo "2397"]
[Annotator "ChessBase"]
[PlyCount "117"]
[EventDate "2021.12.18"]
[EventType "swiss"]
[EventCountry "POL"]
[SourceTitle "playchess.com"]
[Source "ChessBase"]
[SourceQuality "1"]
[TimeControl "900+10"]

1. d4 {[%emt 0:00:03]} Nf6 {[%emt 0:00:03]} 2. c4 {[%emt 0:00:01]} e6 {[%emt 0:
00:04]} 3. Nf3 {[%emt 0:00:03]} d5 {[%emt 0:00:01]} 4. cxd5 {[%emt 0:00:18]}
exd5 {[%emt 0:00:03]} 5. Nc3 {[%emt 0:00:02]} c6 {[%emt 0:00:03]} 6. Bg5 {
[%emt 0:00:18]} Nbd7 {[%emt 0:00:05]} 7. e3 {[%emt 0:00:06]} Be7 {[%emt 0:00:
03]} 8. Bd3 {[%emt 0:00:45]} O-O {[%emt 0:00:12]} 9. Qc2 {[%emt 0:00:34]} Re8 {
[%emt 0:00:06]} 10. Bf4 {[%emt 0:00:33]} Nf8 {[%emt 0:00:17]} 11. h3 {[%emt 0:
00:02]} Bd6 {[%emt 0:01:16]} 12. Bxd6 {[%emt 0:00:11]} Qxd6 {[%emt 0:00:03]}
13. O-O {[%emt 0:02:24]} Qe7 {[%emt 0:03:37]} 14. Bf5 {[%emt 0:03:22]} Ne4 {
[%emt 0:02:36]} 15. Bxc8 {[%emt 0:00:03]} Raxc8 {[%emt 0:00:31]} 16. Rac1 {
[%emt 0:01:06]} Nd6 17. Ne5 {[%emt 0:00:14]} Ng6 {[%emt 0:00:56]} 18. Nxg6 {
[%emt 0:01:18]} hxg6 19. Na4 Nf5 {[%emt 0:02:05]} 20. Nc5 {[%emt 0:00:52]} Rc7
{[%emt 0:00:29]} 21. b4 {[%emt 0:00:46]} Qg5 {[%emt 0:00:15]} 22. Qd1 {[%emt 0:
00:09]} Nd6 {[%emt 0:01:21]} 23. Qg4 {[%emt 0:01:06]} Qe7 {[%emt 0:01:07]} 24.
h4 {[%emt 0:00:14]} b6 {[%emt 0:00:06]} 25. Nd3 {[%emt 0:00:13]} Nc4 26. Rfe1 {
[%emt 0:00:49]} Qf6 {[%emt 0:01:44]} 27. Nf4 {[%emt 0:00:07]} a6 {[%emt 0:01:
03]} 28. a4 {[%emt 0:00:54]} Qd6 29. h5 {[%emt 0:00:03]} gxh5 {[%emt 0:00:36]}
30. Nxh5 {[%emt 0:00:05]} g6 {[%emt 0:01:08]} 31. a5 {[%emt 0:00:13]} b5 {
[%emt 0:00:01]} 32. Qg5 {[%emt 0:00:10]} Re6 {[%emt 0:00:10]} 33. Nf4 {[%emt 0:
00:00]} Re8 {[%emt 0:00:12]} 34. Nd3 {[%emt 0:00:06]} Kg7 {[%emt 0:00:08]} 35.
Qf4 {[%emt 0:00:10]} Qe7 {[%emt 0:00:10]} 36. Nc5 Ra7 37. e4 {[%emt 0:00:37]}
Qd8 {[%emt 0:00:33]} 38. e5 {[%emt 0:00:00]} Qe7 {[%emt 0:00:07]} 39. Rc3 {
[%emt 0:00:02]} Rh8 {[%emt 0:00:05]} 40. Rf3 {[%emt 0:00:16]} Rh4 {[%emt 0:00:
00]} 41. Qf6+ {[%emt 0:00:14]} Qxf6 42. Rxf6 Rxd4 {[%emt 0:00:20]} 43. Rxc6 {
[%emt 0:00:12]} Re7 {[%emt 0:00:11]} 44. e6 {[%emt 0:00:11]} Nb2 {[%emt 0:00:
14]} 45. Nxa6 {[%emt 0:00:09]} fxe6 {[%emt 0:00:03]} 46. Rcxe6 {[%emt 0:00:07]}
Rf7 {[%emt 0:00:10]} 47. Re7 {[%emt 0:00:13]} Rc4 {[%emt 0:00:13]} 48. Rxf7+ {
[%emt 0:00:16]} Kxf7 {[%emt 0:00:01]} 49. Nc5 {[%emt 0:00:10]} Rxb4 {[%emt 0:
00:26]} 50. Rb1 {[%emt 0:00:05]} Rc4 {[%emt 0:00:05]} 51. Rxb2 {[%emt 0:00:10]}
Rxc5 {[%emt 0:00:01]} 52. a6 {[%emt 0:00:02]} d4 {[%emt 0:00:16]} 53. a7 {
[%emt 0:00:02]} Rc1+ {[%emt 0:00:02]} 54. Kh2 {[%emt 0:00:01]} Ra1 {[%emt 0:00:
01]} 55. Rxb5 {[%emt 0:00:02]} Rxa7 {[%emt 0:00:02]} 56. Rd5 {[%emt 0:00:01]}
Ra4 {[%emt 0:00:22]} 57. Kg3 {[%emt 0:00:12]} Ke6 {[%emt 0:00:01]} 58. Rd8 {
[%emt 0:00:01]} Ke7 {[%emt 0:00:01]} 59. Rd5 {[%emt 0:00:01]} 1/2-1/2

[Event "European Rapid Championship 2021"]
[Site "Katowice"]
[Date "2021.12.18"]
[Round "3.26"]
[White "Zabron, Maksym"]
[Black "Chojnacki, Slawomir"]
[Result "1-0"]
[WhiteElo "1723"]
[BlackElo "2165"]
[Annotator "NA"]
[PlyCount "98"]
[EventDate "2021.12.18"]
[EventType "swiss"]
[EventCountry "POL"]
[SourceTitle "playchess.com"]
[Source "ChessBase"]
[SourceQuality "1"]
[TimeControl "900+10"]

1. d4 {[%emt 0:00:02]} c6 {[%emt 0:00:02]} 2. c4 {[%emt 0:00:01]} d5 {[%emt 0:
00:01]} 3. Nf3 {[%emt 0:00:01]} Nf6 {[%emt 0:00:02]} 4. Qc2 {[%emt 0:00:01]}
Bg4 {[%emt 0:00:07]} 5. Ne5 {[%emt 0:00:08]} Bh5 {[%emt 0:00:02]} 6. e3 {
[%emt 0:00:33]} e6 {[%emt 0:00:08]} 7. Nd2 {[%emt 0:00:31]} Nbd7 {[%emt 0:00:
02]} 8. Nxd7 {[%emt 0:00:25]} Qxd7 {[%emt 0:00:08]} 9. Bd3 {[%emt 0:00:05]} Bg6
{[%emt 0:00:03]} 10. O-O {[%emt 0:00:11]} Bb4 {[%emt 0:00:07]} 11. a3 {[%emt 0:
00:07]} Ba5 {[%emt 0:00:02]} 12. b4 {[%emt 0:00:58]} Bc7 {[%emt 0:00:02]} 13.
Bb2 {[%emt 0:00:15]} O-O {[%emt 0:00:54]} 14. Bxg6 {[%emt 0:00:05]} hxg6 {
[%emt 0:00:02]} 15. e4 {[%emt 0:00:17]} dxe4 {[%emt 0:00:37]} 16. Nxe4 {
[%emt 0:00:08]} Nxe4 {[%emt 0:00:05]} 17. Qxe4 {[%emt 0:00:02]} b5 {[%emt 0:00:
04]} 18. Rac1 {[%emt 0:01:18]} Rac8 {[%emt 0:00:03]} 19. Rfd1 {[%emt 0:03:26]}
bxc4 {[%emt 0:00:21]} 20. Rxc4 {[%emt 0:00:04]} Qd5 {[%emt 0:00:02]} 21. Qe2 {
[%emt 0:01:31]} Bb6 {[%emt 0:00:15]} 22. Rdc1 {[%emt 0:00:03]} Rfd8 {[%emt 0:
00:22]} 23. a4 {[%emt 0:00:24]} a6 {[%emt 0:01:31]} 24. Qc2 {[%emt 0:00:22]}
Rd6 {[%emt 0:00:21]} 25. Qb3 {[%emt 0:02:16]} Rcd8 {[%emt 0:00:13]} 26. h3 {
[%emt 0:00:41]} Qe4 {[%emt 0:02:25]} 27. Qc2 {[%emt 0:00:02]} Qf4 {[%emt 0:03:
08]} 28. Rxc6 {[%emt 0:00:39]} Bxd4 {[%emt 0:00:35]} 29. Bxd4 {[%emt 0:00:03]}
Rxd4 {[%emt 0:00:20]} 30. Rc8 {[%emt 0:00:56]} Kh7 {[%emt 0:00:22]} 31. Rxd8 {
[%emt 0:00:03]} Rxd8 {[%emt 0:00:02]} 32. Rb1 {[%emt 0:01:02]} Rd2 {[%emt 0:01:
15]} 33. Qc5 {[%emt 0:00:03]} Qe4 {[%emt 0:00:32]} 34. Rc1 {[%emt 0:01:15]} Rd5
{[%emt 0:01:47]} 35. Qe7 {[%emt 0:00:29]} Qf4 {[%emt 0:00:14]} 36. Rb1 {
[%emt 0:00:18]} g5 {[%emt 0:00:22]} 37. b5 {[%emt 0:00:36]} Qf5 {[%emt 0:02:15]
} 38. Qb4 {[%emt 0:00:20]} axb5 {[%emt 0:00:13]} 39. axb5 Rd4 {[%emt 0:00:11]}
40. Qb3 {[%emt 0:00:25]} Rd2 {[%emt 0:00:14]} 41. Rf1 {[%emt 0:00:15]} Rd3 {
[%emt 0:00:18]} 42. Qb4 {[%emt 0:00:20]} Qd5 {[%emt 0:00:12]} 43. Rb1 {[%emt 0:
00:18]} Rd4 {[%emt 0:00:32]} 44. Qb3 {[%emt 0:00:14]} Qb7 {[%emt 0:01:33]} 45.
b6 {[%emt 0:00:12]} e5 {[%emt 0:00:13]} 46. Qc2+ {[%emt 0:00:05]} g6 {[%emt 0:
00:06]} 47. Qc5 {[%emt 0:00:17]} Rd5 {[%emt 0:00:12]} 48. Qf8 {[%emt 0:00:15]}
Qd7 {[%emt 0:00:19]} 49. b7 {[%emt 0:00:12]} g4 {[%emt 0:00:02]} 1-0

[Event "European Rapid Championship 2021"]
[Site "Katowice"]
[Date "2021.12.18"]
[Round "3.27"]
[White "Nasuta, Grzegorz"]
[Black "Kacprzak, Karol"]
[Result "1/2-1/2"]
[WhiteElo "2345"]
[BlackElo "2038"]
[Annotator "ChessBase"]
[PlyCount "186"]
[EventDate "2021.12.18"]
[EventType "swiss"]
[EventCountry "POL"]
[SourceTitle "playchess.com"]
[Source "ChessBase"]
[SourceQuality "1"]
[TimeControl "900+10"]

1. e4 {[%emt 0:00:02]} c5 {[%emt 0:00:01]} 2. Nf3 {[%emt 0:00:23]} d6 {[%emt 0:
00:01]} 3. c3 {[%emt 0:00:01]} Nf6 {[%emt 0:00:01]} 4. Be2 {[%emt 0:00:02]} Bd7
{[%emt 0:00:02]} 5. d3 {[%emt 0:00:08]} g6 {[%emt 0:00:04]} 6. O-O {[%emt 0:00:
02]} Bg7 {[%emt 0:00:02]} 7. Re1 {[%emt 0:00:04]} O-O {[%emt 0:01:01]} 8. Bf1 {
[%emt 0:00:02]} e5 {[%emt 0:00:06]} 9. a3 {[%emt 0:02:10]} Re8 {[%emt 0:00:25]}
10. b4 {[%emt 0:00:01]} a6 {[%emt 0:02:25]} 11. Nbd2 {[%emt 0:02:11]} Qc7 {
[%emt 0:01:24]} 12. d4 {[%emt 0:02:22]} exd4 {[%emt 0:01:02]} 13. cxd4 {
[%emt 0:00:02]} cxd4 {[%emt 0:00:02]} 14. Bb2 {[%emt 0:00:01]} Nc6 {[%emt 0:00:
05]} 15. Nxd4 {[%emt 0:00:32]} d5 {[%emt 0:01:48]} 16. Nxc6 {[%emt 0:03:14]}
Bxc6 {[%emt 0:00:04]} 17. e5 {[%emt 0:02:14]} Nd7 {[%emt 0:00:48]} 18. f4 {
[%emt 0:00:11]} f6 {[%emt 0:01:05]} 19. e6 {[%emt 0:00:01]} Nf8 {[%emt 0:00:02]
} 20. f5 {[%emt 0:00:01]} gxf5 {[%emt 0:00:01]} 21. Bd3 {[%emt 0:01:24]} Rxe6 {
[%emt 0:01:41]} 22. Rf1 {[%emt 0:01:35]} f4 {[%emt 0:02:58]} 23. Qg4 {[%emt 0:
01:34]} Bd7 {[%emt 0:02:26]} 24. Bf5 {[%emt 0:00:21]} Rc6 {[%emt 0:00:36]} 25.
Nf3 {[%emt 0:00:09]} Bxf5 {[%emt 0:00:13]} 26. Qxf5 {[%emt 0:00:00]} Qd7 {
[%emt 0:00:00]} 27. Qxf4 {[%emt 0:00:02]} Ng6 {[%emt 0:00:11]} 28. Qd2 {
[%emt 0:00:17]} f5 {[%emt 0:00:48]} 29. Bxg7 {[%emt 0:00:04]} Kxg7 {[%emt 0:00:
02]} 30. Nd4 {[%emt 0:00:03]} Rf6 {[%emt 0:00:01]} 31. Rac1 {[%emt 0:00:04]} f4
{[%emt 0:00:14]} 32. Qb2 {[%emt 0:00:10]} Kg8 {[%emt 0:00:24]} 33. Rc2 {
[%emt 0:00:04]} Rf7 {[%emt 0:00:06]} 34. Nf3 {[%emt 0:00:25]} Rc8 {[%emt 0:00:
19]} 35. Rd2 {[%emt 0:00:02]} Qf5 {[%emt 0:00:03]} 36. Rfd1 {[%emt 0:00:15]}
Rd8 {[%emt 0:00:04]} 37. b5 {[%emt 0:00:23]} Rfd7 {[%emt 0:00:24]} 38. bxa6 {
[%emt 0:00:04]} bxa6 {[%emt 0:00:01]} 39. Re1 {[%emt 0:00:17]} d4 {[%emt 0:00:
12]} 40. Qb3+ {[%emt 0:00:40]} Qd5 {[%emt 0:00:02]} 41. Qd3 {[%emt 0:00:02]}
Qb5 {[%emt 0:00:24]} 42. Red1 {[%emt 0:00:16]} Qb6 {[%emt 0:00:18]} 43. h3 {
[%emt 0:00:06]} Qf6 {[%emt 0:00:09]} 44. Qc4+ {[%emt 0:00:09]} Qf7 {[%emt 0:00:
10]} 45. Qxa6 {[%emt 0:00:03]} Qg7 {[%emt 0:00:13]} 46. Qc4+ {[%emt 0:00:01]}
Kh8 {[%emt 0:00:01]} 47. Rxd4 {[%emt 0:00:03]} Nh4 {[%emt 0:00:14]} 48. Nxh4 {
[%emt 0:00:40]} Rxd4 {[%emt 0:00:01]} 49. Rxd4 {[%emt 0:00:05]} Qxd4+ {[%emt 0:
00:05]} 50. Qxd4+ {[%emt 0:00:01]} Rxd4 {[%emt 0:00:01]} 51. Kf2 {[%emt 0:00:
01]} Rd3 {[%emt 0:00:15]} 52. Nf3 {[%emt 0:00:07]} Rxa3 {[%emt 0:00:02]} 53.
Ng5 {[%emt 0:00:03]} Re3 {[%emt 0:00:11]} 54. h4 {[%emt 0:00:02]} Rg3 {[%emt 0:
00:33]} 55. Ne6 {[%emt 0:00:40]} Rg4 {[%emt 0:00:03]} 56. h5 {[%emt 0:00:13]}
Rh4 {[%emt 0:00:07]} 57. Kf3 {[%emt 0:00:01]} Rxh5 {[%emt 0:00:07]} 58. Nxf4 {
[%emt 0:00:02]} Rf5 {[%emt 0:00:03]} 59. Kg4 {[%emt 0:00:01]} Ra5 {[%emt 0:00:
04]} 60. Nh5 {[%emt 0:00:02]} Kg8 {[%emt 0:00:03]} 61. Nf4 {[%emt 0:00:03]} Kg7
{[%emt 0:00:02]} 62. Ne6+ {[%emt 0:00:05]} Kf6 {[%emt 0:00:06]} 63. Nf4 {
[%emt 0:00:05]} Ra4 {[%emt 0:00:07]} 64. Kg3 {[%emt 0:00:22]} Kf5 {[%emt 0:00:
09]} 65. Nh3 {[%emt 0:00:04]} Ra3+ {[%emt 0:00:03]} 66. Kh4 {[%emt 0:00:02]}
Ra4+ {[%emt 0:00:07]} 67. Kg3 {[%emt 0:00:01]} h5 {[%emt 0:00:37]} 68. Ng1 {
[%emt 0:00:09]} Rg4+ {[%emt 0:00:45]} 69. Kh3 {[%emt 0:01:09]} Kf4 {[%emt 0:00:
12]} 70. Ne2+ {[%emt 0:00:00]} Kg5 {[%emt 0:00:11]} 71. Ng1 {[%emt 0:00:01]}
Rh4+ {[%emt 0:00:03]} 72. Kg3 {[%emt 0:00:01]} Rg4+ {[%emt 0:00:01]} 73. Kh3 {
[%emt 0:00:01]} Ra4 {[%emt 0:00:22]} 74. Kg3 {[%emt 0:00:20]} h4+ {[%emt 0:00:
11]} 75. Kh3 {[%emt 0:00:01]} Ra3+ {[%emt 0:00:01]} 76. Nf3+ {[%emt 0:00:01]}
Kh5 {[%emt 0:00:01]} 77. Kh2 {[%emt 0:00:00]} Kg4 {[%emt 0:00:04]} 78. Ne5+ {
[%emt 0:00:01]} Kf4 {[%emt 0:00:13]} 79. Nf3 {[%emt 0:00:02]} Kg4 {[%emt 0:00:
18]} 80. Ne5+ {[%emt 0:00:01]} Kh5 {[%emt 0:00:05]} 81. Nf3 {[%emt 0:00:01]}
Rb3 {[%emt 0:00:02]} 82. Ne5 {[%emt 0:01:02]} Re3 {[%emt 0:00:07]} 83. Nf3 {
[%emt 0:00:01]} Kg4 {[%emt 0:00:02]} 84. Ng1 {[%emt 0:00:01]} Re1 {[%emt 0:00:
29]} 85. Nf3 {[%emt 0:00:07]} Re2 {[%emt 0:00:04]} 86. Ng1 {[%emt 0:00:01]} Ra2
{[%emt 0:00:12]} 87. Nh3 {[%emt 0:00:02]} Ra1 {[%emt 0:00:24]} 88. Ng1 {
[%emt 0:00:14]} Ra2 {[%emt 0:00:12]} 89. Nh3 {[%emt 0:00:01]} Rb2 {[%emt 0:00:
08]} 90. Ng1 {[%emt 0:00:01]} Kf4 {[%emt 0:00:13]} 91. Nf3 {[%emt 0:00:04]} Kg4
{[%emt 0:00:16]} 92. Ne5+ {[%emt 0:00:10]} Kf5 {[%emt 0:00:06]} 93. Nf3 {
[%emt 0:00:01]} Kg4 1/2-1/2

[Event "European Rapid Championship 2021"]
[Site "Katowice"]
[Date "2021.12.18"]
[Round "3.27"]
[White "Tsiapko, Andrii"]
[Black "Czerw, Dawid"]
[Result "0-1"]
[WhiteElo "1399"]
[BlackElo "2158"]
[Annotator "NA"]
[PlyCount "86"]
[EventDate "2021.12.18"]
[EventType "swiss"]
[EventCountry "POL"]
[SourceTitle "playchess.com"]
[Source "ChessBase"]
[SourceQuality "1"]
[TimeControl "900+10"]

1. d4 {[%emt 0:00:04]} Nf6 {[%emt 0:00:02]} 2. Nf3 {[%emt 0:00:03]} e6 {
[%emt 0:00:02]} 3. c4 {[%emt 0:00:01]} d5 {[%emt 0:00:02]} 4. g3 {[%emt 0:00:
08]} dxc4 {[%emt 0:00:11]} 5. Bg2 {[%emt 0:00:06]} Bb4+ {[%emt 0:00:01]} 6. Bd2
{[%emt 0:00:22]} c5 {[%emt 0:00:02]} 7. dxc5 {[%emt 0:02:14]} Bxc5 {[%emt 0:00:
13]} 8. Qa4+ {[%emt 0:00:26]} Nbd7 {[%emt 0:00:01]} 9. Qxc4 {[%emt 0:00:08]}
O-O {[%emt 0:00:03]} 10. O-O {[%emt 0:00:36]} b5 {[%emt 0:00:01]} 11. Qxb5 {
[%emt 0:01:14]} Rb8 {[%emt 0:00:02]} 12. Qd3 {[%emt 0:00:20]} Rxb2 {[%emt 0:00:
02]} 13. Bc3 {[%emt 0:00:22]} Rb8 {[%emt 0:00:37]} 14. Nbd2 {[%emt 0:00:18]}
Bb7 {[%emt 0:00:25]} 15. Nb3 {[%emt 0:00:24]} Be4 {[%emt 0:01:13]} 16. Qd2 {
[%emt 0:00:24]} Bb6 {[%emt 0:00:54]} 17. Rfd1 {[%emt 0:01:19]} Bd5 {[%emt 0:00:
06]} 18. Bd4 {[%emt 0:02:50]} Qe7 {[%emt 0:00:16]} 19. Bxb6 {[%emt 0:01:06]}
Rxb6 {[%emt 0:01:15]} 20. Nfd4 {[%emt 0:00:19]} Bxg2 {[%emt 0:01:12]} 21. Kxg2
{[%emt 0:00:03]} Ne5 {[%emt 0:00:11]} 22. Rac1 {[%emt 0:00:52]} h6 {[%emt 0:00:
35]} 23. Qf4 {[%emt 0:00:25]} Ng6 {[%emt 0:00:44]} 24. Qf3 {[%emt 0:01:13]} Qa3
{[%emt 0:01:35]} 25. Rc2 {[%emt 0:00:49]} a5 {[%emt 0:01:58]} 26. Nc5 {[%emt 0:
01:10]} Qxf3+ {[%emt 0:00:04]} 27. Nxf3 {[%emt 0:00:03]} Rc8 {[%emt 0:02:28]}
28. Rdc1 {[%emt 0:00:46]} Rd8 {[%emt 0:00:17]} 29. Nd3 {[%emt 0:00:50]} Nd5 {
[%emt 0:00:19]} 30. Rc8 {[%emt 0:00:08]} Rb8 {[%emt 0:00:35]} 31. Rxd8+ {
[%emt 0:00:15]} Rxd8 {[%emt 0:00:01]} 32. Rc5 {[%emt 0:00:16]} Ra8 {[%emt 0:00:
09]} 33. e4 {[%emt 0:00:29]} Nf6 {[%emt 0:00:52]} 34. e5 {[%emt 0:00:25]} Nd5 {
[%emt 0:00:05]} 35. Nd2 {[%emt 0:00:12]} Nb4 {[%emt 0:00:14]} 36. Nc1 {[%emt 0:
00:17]} Rd8 {[%emt 0:00:56]} 37. Ndb3 {[%emt 0:00:10]} a4 {[%emt 0:00:07]} 38.
Na5 {[%emt 0:00:08]} Rd2 {[%emt 0:00:24]} 39. a3 {[%emt 0:00:10]} Nd5 {[%emt 0:
00:41]} 40. Nc6 {[%emt 0:00:11]} Ne3+ {[%emt 0:00:51]} 41. Kf3 {[%emt 0:00:03]}
Nd1 {[%emt 0:00:05]} 42. Ne2 {[%emt 0:00:09]} Rd3+ {[%emt 0:00:12]} 43. Ke4 {
[%emt 0:00:17]} Nxf2# {[%emt 0:00:04]} 0-1

[Event "European Rapid Championship 2021"]
[Site "Katowice"]
[Date "2021.12.18"]
[Round "3.28"]
[White "Helis, Tadeusz"]
[Black "Piatek, Szymon"]
[Result "1-0"]
[WhiteElo "2155"]
[BlackElo "1110"]
[Annotator "NA"]
[PlyCount "67"]
[EventDate "2021.12.18"]
[EventType "swiss"]
[EventCountry "POL"]
[SourceTitle "playchess.com"]
[Source "ChessBase"]
[SourceQuality "1"]
[TimeControl "900+10"]

1. Nf3 {[%emt 0:00:04]} c5 {[%emt 0:00:03]} 2. c4 {[%emt 0:00:02]} g6 {[%emt 0:
00:05]} 3. g3 {[%emt 0:00:02]} Bg7 {[%emt 0:00:05]} 4. Bg2 {[%emt 0:00:02]} Nc6
{[%emt 0:00:03]} 5. O-O {[%emt 0:00:03]} Nf6 {[%emt 0:00:03]} 6. Nc3 {[%emt 0:
00:02]} O-O {[%emt 0:00:08]} 7. d4 {[%emt 0:00:02]} cxd4 {[%emt 0:00:37]} 8.
Nxd4 {[%emt 0:00:03]} Nxd4 {[%emt 0:00:10]} 9. Qxd4 {[%emt 0:00:03]} d6 {
[%emt 0:00:02]} 10. Bd2 {[%emt 0:00:22]} a6 {[%emt 0:01:12]} 11. Qd3 {[%emt 0:
00:11]} Qc7 {[%emt 0:00:17]} 12. Rac1 {[%emt 0:00:07]} Be6 {[%emt 0:00:23]} 13.
b3 {[%emt 0:00:07]} Rac8 {[%emt 0:00:29]} 14. Rfd1 {[%emt 0:00:14]} Rfd8 {
[%emt 0:01:39]} 15. h3 {[%emt 0:00:26]} Qd7 {[%emt 0:01:52]} 16. Kh2 {[%emt 0:
00:03]} Qc7 {[%emt 0:02:35]} 17. Be3 {[%emt 0:00:07]} Bf5 {[%emt 0:00:42]} 18.
Qd2 {[%emt 0:00:07]} Qa5 {[%emt 0:00:30]} 19. Bxb7 {[%emt 0:00:40]} Rb8 {
[%emt 0:01:06]} 20. Bg2 {[%emt 0:00:07]} Nd7 {[%emt 0:00:50]} 21. Nd5 {[%emt 0:
00:23]} Qxd2 {[%emt 0:00:21]} 22. Rxd2 {[%emt 0:00:09]} Kf8 {[%emt 0:00:45]}
23. Bg5 {[%emt 0:00:14]} f6 {[%emt 0:00:18]} 24. Be3 {[%emt 0:00:02]} Be6 {
[%emt 0:00:30]} 25. Nc7 {[%emt 0:00:03]} Bf7 {[%emt 0:00:27]} 26. Nxa6 {
[%emt 0:00:02]} Ra8 {[%emt 0:00:16]} 27. Bxa8 {[%emt 0:00:03]} Rxa8 {[%emt 0:
00:06]} 28. Nc7 {[%emt 0:00:13]} Rc8 {[%emt 0:00:23]} 29. Nd5 {[%emt 0:00:15]}
f5 {[%emt 0:01:20]} 30. Nb6 {[%emt 0:00:04]} Nxb6 {[%emt 0:00:13]} 31. Bxb6 {
[%emt 0:00:02]} d5 {[%emt 0:00:02]} 32. a4 {[%emt 0:00:37]} dxc4 {[%emt 0:00:
21]} 33. bxc4 {[%emt 0:00:02]} Rxc4 {[%emt 0:00:36]} 34. Rd8+ 1-0

[Event "European Rapid Championship 2021"]
[Site "Katowice"]
[Date "2021.12.18"]
[Round "3.28"]
[White "Kacprzak, Kacper"]
[Black "Teclaf, Pawel"]
[Result "0-1"]
[WhiteElo "2042"]
[BlackElo "2345"]
[Annotator "NA"]
[PlyCount "62"]
[EventDate "2021.12.18"]
[EventType "swiss"]
[EventCountry "POL"]
[SourceTitle "playchess.com"]
[Source "ChessBase"]
[SourceQuality "1"]
[TimeControl "900+10"]

1. e4 {[%emt 0:00:03]} c5 {[%emt 0:00:04]} 2. Nf3 {[%emt 0:00:02]} e6 {[%emt 0:
00:03]} 3. d4 {[%emt 0:00:02]} cxd4 {[%emt 0:00:02]} 4. Nxd4 {[%emt 0:00:02]}
a6 {[%emt 0:00:01]} 5. Bd3 {[%emt 0:00:06]} Nf6 {[%emt 0:00:04]} 6. O-O {
[%emt 0:00:11]} d6 {[%emt 0:00:02]} 7. c4 {[%emt 0:00:07]} b6 {[%emt 0:00:02]}
8. Qe2 {[%emt 0:00:04]} Bb7 {[%emt 0:00:05]} 9. b3 {[%emt 0:00:02]} Nbd7 {
[%emt 0:00:05]} 10. Nc3 {[%emt 0:00:20]} Be7 {[%emt 0:00:14]} 11. Bb2 {[%emt 0:
00:03]} O-O {[%emt 0:00:14]} 12. Rae1 {[%emt 0:00:50]} Re8 {[%emt 0:01:17]} 13.
Bb1 {[%emt 0:02:17]} Bf8 {[%emt 0:00:15]} 14. f4 {[%emt 0:02:53]} g6 {[%emt 0:
00:03]} 15. Nf3 {[%emt 0:01:02]} Nh5 {[%emt 0:04:28]} 16. g3 {[%emt 0:01:46]}
Qc7 {[%emt 0:00:49]} 17. Qd2 {[%emt 0:02:14]} Rad8 {[%emt 0:00:41]} 18. f5 {
[%emt 0:00:38]} exf5 {[%emt 0:00:38]} 19. exf5 {[%emt 0:00:40]} Qc5+ {[%emt 0:
02:04]} 20. Nd4 {[%emt 0:02:06]} Bh6 {[%emt 0:04:55]} 21. Qf2 {[%emt 0:00:10]}
Rxe1 {[%emt 0:00:43]} 22. Rxe1 {[%emt 0:00:03]} Ne5 {[%emt 0:00:06]} 23. Ne4 {
[%emt 0:00:46]} Bxe4 {[%emt 0:00:18]} 24. Bxe4 {[%emt 0:00:19]} Ng4 {[%emt 0:
00:29]} 25. Qf3 {[%emt 0:00:28]} Bg7 {[%emt 0:00:18]} 26. Rd1 {[%emt 0:00:31]}
Nhf6 {[%emt 0:00:37]} 27. Bb1 {[%emt 0:01:27]} Re8 {[%emt 0:00:08]} 28. h3 {
[%emt 0:00:17]} Ne3 {[%emt 0:00:37]} 29. Rd2 {[%emt 0:00:11]} Nxf5 {[%emt 0:00:
19]} 30. Bxf5 {[%emt 0:00:01]} gxf5 {[%emt 0:00:00]} 31. Qxf5 {[%emt 0:00:07]}
Ne4 {[%emt 0:00:06]} 0-1

[Event "European Rapid Championship 2021"]
[Site "Katowice"]
[Date "2021.12.18"]
[Round "3.29"]
[White "Szczurek, Krzysztof"]
[Black "Baum, Jonasz"]
[Result "0-1"]
[WhiteElo "2086"]
[BlackElo "2343"]
[Annotator "NA"]
[PlyCount "88"]
[EventDate "2021.12.18"]
[EventType "swiss"]
[EventCountry "POL"]
[SourceTitle "playchess.com"]
[Source "ChessBase"]
[SourceQuality "1"]
[TimeControl "900+10"]

1. d4 {[%emt 0:00:02]} Nf6 {[%emt 0:00:02]} 2. Nc3 {[%emt 0:00:05]} d5 {
[%emt 0:00:11]} 3. Bf4 {[%emt 0:00:02]} c5 {[%emt 0:01:10]} 4. e3 {[%emt 0:00:
22]} cxd4 {[%emt 0:00:16]} 5. exd4 {[%emt 0:00:09]} a6 {[%emt 0:00:06]} 6. Nf3
{[%emt 0:00:14]} Nc6 {[%emt 0:00:13]} 7. Qd2 {[%emt 0:00:19]} Bf5 {[%emt 0:01:
46]} 8. Ne5 {[%emt 0:01:37]} e6 {[%emt 0:00:36]} 9. Be2 {[%emt 0:00:38]} Bb4 {
[%emt 0:00:45]} 10. f3 {[%emt 0:00:46]} Rc8 {[%emt 0:03:06]} 11. a3 {[%emt 0:
01:35]} Bxc3 {[%emt 0:00:16]} 12. bxc3 {[%emt 0:00:01]} Nxe5 {[%emt 0:00:37]}
13. Bxe5 {[%emt 0:00:07]} Qa5 {[%emt 0:01:14]} 14. g4 {[%emt 0:03:58]} Bg6 {
[%emt 0:00:09]} 15. g5 {[%emt 0:00:39]} Nd7 {[%emt 0:01:21]} 16. Bxg7 {[%emt 0:
00:41]} Rg8 {[%emt 0:00:01]} 17. Be5 {[%emt 0:00:01]} Nxe5 {[%emt 0:01:21]} 18.
dxe5 {[%emt 0:00:03]} Qxc3 {[%emt 0:00:37]} 19. Qxc3 {[%emt 0:00:22]} Rxc3 {
[%emt 0:00:01]} 20. Rb1 {[%emt 0:01:06]} b5 {[%emt 0:00:22]} 21. a4 {[%emt 0:
00:03]} Bxc2 {[%emt 0:01:39]} 22. Kd2 {[%emt 0:00:04]} d4 {[%emt 0:00:11]} 23.
Rb4 {[%emt 0:00:24]} Bxa4 {[%emt 0:00:10]} 24. Rxd4 {[%emt 0:00:02]} Rc2+ {
[%emt 0:00:40]} 25. Kd3 {[%emt 0:00:13]} Rxg5 {[%emt 0:01:11]} 26. Rxa4 {
[%emt 0:00:47]} Rxe2 {[%emt 0:00:01]} 27. Rxa6 {[%emt 0:00:04]} Rexe5 {[%emt 0:
00:19]} 28. Rha1 {[%emt 0:00:58]} Rd5+ {[%emt 0:00:02]} 29. Ke3 {[%emt 0:00:03]
} Rge5+ {[%emt 0:00:07]} 30. Kf4 {[%emt 0:00:01]} Rf5+ {[%emt 0:00:02]} 31. Ke4
{[%emt 0:00:10]} Rde5+ {[%emt 0:00:19]} 32. Kd4 {[%emt 0:00:01]} Re2 {[%emt 0:
00:27]} 33. Ra8+ {[%emt 0:00:04]} Ke7 {[%emt 0:00:02]} 34. R1a7+ {[%emt 0:00:
15]} Kf6 {[%emt 0:00:08]} 35. Rf8 {[%emt 0:00:15]} Kg7 {[%emt 0:00:08]} 36. Re8
{[%emt 0:00:03]} Rxf3 {[%emt 0:00:14]} 37. h4 {[%emt 0:00:12]} b4 {[%emt 0:00:
34]} 38. Rb7 {[%emt 0:00:05]} b3 {[%emt 0:00:06]} 39. h5 {[%emt 0:00:02]} b2 {
[%emt 0:00:10]} 40. Reb8 {[%emt 0:00:03]} Rf5 {[%emt 0:00:10]} 41. h6+ {
[%emt 0:00:18]} Kxh6 {[%emt 0:00:05]} 42. Rg8 {[%emt 0:00:02]} Rg5 {[%emt 0:00:
23]} 43. Rf8 {[%emt 0:00:02]} Rg1 {[%emt 0:00:18]} 44. Rfxf7 {[%emt 0:00:07]}
b1=Q {[%emt 0:00:06]} 0-1